Sports Quiz

Random Sports or Basketball Quiz

NBA Top 5 Draft Picks (2000s) Quiz Stats

 Plays Quiz Updated Sep 21, 2018

Score 0/50 Timer 10:00
2 Plays Today
Year Pick % Correct
2003LeBron James
94.3%
2003Carmelo Anthony
88.3%
2003Dwyane Wade
87.3%
2007 Kevin Durant
85.8%
2002 Yao Ming
84.7%
2008 Derrick Rose
83.5%
2007 Greg Oden
83.5%
2009 Blake Griffin
81.6%
2005 Deron Williams
75.8%
2005 Marvin Williams
75.4%
2002 Jay Williams
75.3%
2006 Shelden Williams
74.9%
2004 Dwight Howard
73.3%
2003Chris Bosh
72.5%
2005 Chris Paul
70.6%
2008 Michael Beasley
67.7%
2005 Andrew Bogut
67.1%
2008 Kevin Love
64.8%
2000 Kenyon Martin
64.6%
2008 O.J. Mayo
64%
2003Darko Milicic
63.6%
2006 Adam Morrison
63%
2001Pau Gasol
62.6%
2009 Ricky Rubio
62.3%
2008 Russell Westbrook
61.9%
Year Pick % Correct
2009 James Harden
60.6%
2001Kwame Brown
58.9%
2006 Andrea Bargnani
58.4%
2007 Mike Conley Jr.
56%
2004 Emeka Okafor
55.8%
2009 Hasheem Thabeet
55.5%
2007 Al Horford
55.4%
2009 Tyreke Evans
48.8%
2006 Tyrus Thomas
44.3%
2004 Ben Gordon
43.3%
2006 LaMarcus Aldridge
41.7%
2007 Jeff Green
41.4%
2005 Raymond Felton
40.9%
2001Tyson Chandler
37.9%
2001Eddy Curry
35.9%
2000 Mike Miller
32.7%
2004 Devin Harris
31.1%
2002 Mike Dunleavy
27.2%
2001Jason Richardson
26.6%
2000 Marcus Fizer
26%
2000 Darius Miles
22.8%
2000 Stromile Swift
21.9%
2004 Shaun Livingston
20%
2002 Drew Gooden
19.4%
2002 Nikoloz Tskitishvili
6.5%

You're not logged in!

Compare scores with friends on all Sporcle quizzes.
OR
Log In

Sporcle TV

Today on Sporcle TV


Watch our educational content, quiz creation guides, and fun videos on Sporcle TV.

Show Comments

Extras

Top Quizzes Today


Score Distribution

Your Account Isn't Verified!

In order to create a playlist on Sporcle, you need to verify the email address you used during registration. Go to your Sporcle Settings to finish the process.

Report this User

Report this user for behavior that violates our Community Guidelines.

Details: